Les 10 villes les plus peuplées du Nord (59) - Statistiques

Statistiques générales
  • Ce quiz a été pris 166 fois
  • Le résultat moyen est 7 sur 10
Statistiques - réponses
Population Communes % Correct
238 700 Lille
100%
99 500 Roubaix
91%
87 000 Dunkerque
89%
99 100 Tourcoing
86%
43 000 Valenciennes
71%
62 300 Villeneuve-d'Ascq
63%
39 800 Douai
54%
31 600 Cambrai
40%
39 900 Marcq-en-Baroeul
33%
40 900 Wattrelos
32%
Aucun quiz correspondant
Distribution des résultats
% des personnes avec chaque résultat
Percentile par nombre de réponses
Votre historique - résultats
Vous n’avez pas pris ce quiz